Салют, фестиваль! Репортаж о XII Всемирном фестивале молодежи и студентов: фотоальбом

Библиографические подробности
Другие авторы: Малютин В. Владимир (составитель)
Язык:русский
Опубликовано: Москва, Планета, 1986
Предметы:
Формат: MixedMaterials Книга
Запись в KOHA:https://koha.lib.tpu.ru/cgi-bin/koha/opac-detail.pl?biblionumber=278097

MARC

LEADER 00000nam0a2200000 4500
001 278097
005 20231101235059.0
020 |a RU  |b 86-5894и 
035 |a (RuTPU)RU\TPU\book\301374 
090 |a 278097 
100 |a 20141209d1986 m y0rusy5003 ca 
101 0 |a rus 
102 |a RU 
105 |a a z 000zy 
200 1 |a Салют, фестиваль! Репортаж о XII Всемирном фестивале молодежи и студентов  |e фотоальбом  |f сост. В. Малютин 
210 |a Москва  |c Планета  |d 1986 
215 |a 239 с.  |c ил. 
606 1 |a Международные фестивали молодежи и студентов  |2 stltpush  |3 (RuTPU)RU\TPU\subj\41941  |9 61706 
610 1 |a фотоальбомы 
610 1 |a история 
610 1 |a Москва 
610 1 |a проблемы 
610 1 |a форумы 
610 1 |a юность 
610 1 |a 20 век 
686 |a Ф75(0)01  |v LBC/SL-A  |2 rubbk 
702 1 |a Малютин  |b В.  |g Владимир  |4 220 
801 0 |a RU  |b RuMRKP  |c 19950704  |g psbo 
801 1 |a RU  |b 63413507  |c 20141209 
801 2 |a RU  |b 63413507  |c 20170410  |g RCR 
942 |c BK